000
00313 a2200109 4500
001
ART_52674
005
20260410161822.0
008
260409a
245
1
0
_a
Acuerdo conclusivo
100
1
_a
Vega, Gerardo E.
773
0
_t
Doctrina Penal Tributaria y Económica
_g
- N° 60 (jun. 2021)
_w
REV4317
999
_c
22483
_d
22483